Managing data mining technologies in organizations : (Record no. 448)
[ view plain ]
| 000 -LEADER | |
|---|---|
| fixed length control field | 00783nac a22001931u 4500 |
| 010 ## - LIBRARY OF CONGRESS CONTROL NUMBER | |
| LC control number | 2002014742 |
| 020 ## - INTERNATIONAL STANDARD BOOK NUMBER | |
| International Standard Book Number | 1591400570 (hardcover) |
| 020 ## - INTERNATIONAL STANDARD BOOK NUMBER | |
| International Standard Book Number | 159140083X (ebook) |
| 082 00 - DEWEY DECIMAL CLASSIFICATION NUMBER | |
| Classification number | 006.3 |
| Item number | P3979 |
| 090 ## - LOCALLY ASSIGNED LC-TYPE CALL NUMBER (OCLC); LOCAL CALL NUMBER (OCLC) | |
| -- | 448 |
| -- | 448 |
| 100 ## - MAIN ENTRY--PERSONAL NAME | |
| Personal name | Pendharkar, Parag C., |
| 245 10 - TITLE STATEMENT | |
| Title | Managing data mining technologies in organizations : |
| Remainder of title | techniques and applications / |
| Statement of responsibility, etc | Parag C. Pendharkar. |
| 260 ## - PUBLICATION, DISTRIBUTION, ETC. (IMPRINT) | |
| Place of publication, distribution, etc | Hershey : |
| Name of publisher, distributor, etc | Idea Group Pub., |
| Date of publication, distribution, etc | c2003. |
| 300 ## - PHYSICAL DESCRIPTION | |
| Extent | x, 288 p. : |
| Other physical details | ill. ; |
| Dimensions | 26 cm. |
| 650 #0 - SUBJECT ADDED ENTRY--TOPICAL TERM | |
| Topical term or geographic name as entry element | Data mining. |
| 856 41 - ELECTRONIC LOCATION AND ACCESS | |
| Materials specified | Table of contents |
| Uniform Resource Identifier | <a href="http://www.loc.gov/catdir/toc/fy035/2002014742.html">http://www.loc.gov/catdir/toc/fy035/2002014742.html</a> |
| 942 ## - ADDED ENTRY ELEMENTS (KOHA) | |
| Item type | Book - Borrowing |
| Call number prefix | 006.3P3979 |
| Withdrawn status | Item status | Damaged status | Not for loan | Home library | Current library | Shelving location | Date acquired | Source of acquisition | Total Checkouts | Total Renewals | Full call number | Barcode | Date last seen | Date last borrowed | Koha item type |
|---|---|---|---|---|---|---|---|---|---|---|---|---|---|---|---|
| Central Library | Central Library | Lower Floor | 06/05/2016 | Purchase | 2 | 1 | 006.3 PEN | 000004177 | 15/07/2025 | 26/09/2010 | Book - Borrowing |